Normal view
MARC view
- Kenneth Wheeler
Entry Personal Name
001 - CONTROL NUMBER
- control field: 6792
003 - CONTROL NUMBER IDENTIFIER
- control field: OSt
005 - DATE AND TIME OF LATEST TRANSACTION
- control field: 20170522121034.0
008 - FIXED-LENGTH DATA ELEMENTS
- fixed length control field: 170522|| aca||aabn | a|a d
040 ## - CATALOGING SOURCE
- Original cataloging agency: OSt
- Transcribing agency: OSt
100 ## - HEADING--PERSONAL NAME
- Personal name: Kenneth Wheeler
670 ## - SOURCE DATA FOUND
- Source citation: Work cat.: (OSt): Kenneth Wheeler, Practicing HUman Resource Administration, 1982

PORTAL AKMAL
E-MEL JKDM
AKMAL2U
G-BAM
u-PUSTAKA